Normal view MARC view
  • Devinat, Paul

Entry Nombre Personal

Number of records used in: 1

001 - NUMERO DE CONTROL

  • campo de control: 51712

003 - IDENTIFICADOR DE NUMERO DE CONTROL

  • campo de control: MX-MxUPN

005 - FECHA Y HORA DE LA ÜLTIMA TRANSACCIÓN

  • campo de control: 20240425102006.0

008 - DATOS DE LONGITUD FIJA

  • campo de control de longitud fija: 240425|| aca||aabn | aaa d

040 ## - FUENTE DE CATALOGACIÓN

  • Agencia original de catalogación: MX-MxUPN
  • Lenguaje de catalogación: spa
  • Agencia de transcripción: MX-MxUPN

100 1# - ENCABEZAMIENTO - NOMBRE PERSONAL

  • Nombre personal: Devinat, Paul

670 ## - FUENTE EN LA QUE SE LOCALIZARON DATOS

  • Cita de la fuente: Carriéres sociales : monographies et notes vécues, 1931:
  • Información localizada: portada (Paul Devinat)

902 ## - CATALOGADOR

  • Catalogador: Víctor Ruiz/250424